| 000 | 00342nam a2200109Ia 4500 | ||
|---|---|---|---|
| 008 | 200302s9999 xx 000 0 und d | ||
| 100 | _aNandini Bagchee and Others | ||
| 245 | _aCity Works/7 The city colliege of new york bernard and anne spitzer school of architecture | ||
| 260 | _bOscar Riera Ojeda Publishers | ||
| 260 | _c2015 | ||
| 300 | _a239 | ||
| 999 |
_c6054 _d6054 |
||